An Introduction to Modern Astrophysics /

Saved in:
Bibliographic Details
Main Author: Carroll, Bradley W.
Other Authors: Ostlie, Dale A.
Format: Book (Paper)
Language:English
Published: Reading, Massachusetts : Addison-Wesley, 1996
Tags: Add Tag
No Tags, Be the first to tag this record!
Institutions: Thư viện Trường Đại học Đà Lạt
LEADER 00644nam a2200253 4500
001 DLU020000705
005 ##12/29/1998
020 # # |a 0-201-54730-9 
041 # # |a eng 
082 # # |a 523.01  |b CA-B 
100 # # |a Carroll, Bradley W. 
245 # # |a An Introduction to Modern Astrophysics /  |c Bradley W. Carroll, Dale A. Ostlie 
260 # # |a Reading, Massachusetts :  |b Addison-Wesley,  |c 1996 
300 # # |a X, 1418 tr.;  |c 24 cm. 
700 # # |a Ostlie, Dale A. 
992 # # |a 898493 
994 # # |a DLU 
900 # # |a False 
911 # # |a Administrator 
925 # # |a G 
926 # # |a A 
927 # # |a SH 
980 # # |a Thư viện Trường Đại học Đà Lạt